| 000 | 00346cam a22001097a 4500 | ||
|---|---|---|---|
| 008 | 180718b1995 xxu||||| |||| 00| 0 eng d | ||
| 082 | _aG25x54 D/1995-96/2 | ||
| 245 | _aRecommendations/observations on demand for grants (1995-96) | ||
| 260 |
_aNew Delhi _bLok Sabha Secretariat _c1995 |
||
| 300 | _a177p. | ||
| 700 | _aParliametary Standing Committees | ||
| 999 |
_c503587 _d503587 |
||